| 000 | 00608cam a2200217 4500500 | ||
|---|---|---|---|
| 005 | 20260405002002.0 | ||
| 041 | _afre | ||
| 042 | _adc | ||
| 100 | 1 | 0 |
_aEltchaninoff, Michel _eauthor |
| 245 | 0 | 0 | _aLeçons de désœuvrement |
| 260 | _c2015. | ||
| 500 | _a38 | ||
| 690 | _aAction | ||
| 690 | _aContemplation | ||
| 690 | _aDebord | ||
| 690 | _aDépense | ||
| 690 | _aLiberté | ||
| 690 | _aTravail | ||
| 786 | 0 | _nPhilosophie magazine | 89 | 5 | 2015-05-01 | p. 36-38 | 1951-1787 | |
| 856 | 4 | 1 | _uhttps://shs.cairn.info/magazine-philosophie-magazine-2015-5-page-36?lang=fr&redirect-ssocas=7080 |
| 999 |
_c2053006 _d2053006 |
||